| 000 | 00696nam a22002057a 4500 | ||
|---|---|---|---|
| 003 | OSt | ||
| 005 | 20260203081128.0 | ||
| 008 | 260203b |||||||| |||| 00| 0 eng d | ||
| 020 | _a974-8279-66-9. | ||
| 040 |
_aDWC-Main lib _cOC |
||
| 082 | _aRes. 022.9076 J42m 1998 | ||
| 100 | _aJaves, Carol | ||
| 245 |
_aManaging Multimedia Equipment _cJaves, Carol |
||
| 260 |
_aThailand : _bBook Promotion & Service Co., Ltd., _cc1998. |
||
| 300 |
_a144 pages ; _c29 cm. |
||
| 504 | _aIncludes bibliographical references and index. | ||
| 650 | _a1. Audio-visual equipment-Problems, exrcises, etc. | ||
| 650 | _a2. Audio-visual library service-Problems, exrcises, etc. | ||
| 942 |
_2ddc _cBK-0 CIRC _kRes. _n0 |
||
| 999 |
_c8214 _d8214 |
||